| 000 | 00741nam a22002177a 4500 | ||
|---|---|---|---|
| 999 |
_c19385 _d19385 |
||
| 003 | AR-CdUCM | ||
| 008 | 190517b ||||| |||| 00| 0 spa d | ||
| 040 |
_aMUNICIPALIDAD PROVINCIAL DEL CUSCO _cBIBLIOTECA MUNICIPAL DEL CUSCO |
||
| 082 |
_a985.01 / _bA45 |
||
| 100 |
_aAlarco, Eugenio _912314 |
||
| 245 | _aEl hombre peruano en su historia I / | ||
| 260 |
_aLima : _bAusonia, _c1971. |
||
| 300 |
_aTomos ; _c25 cm. |
||
| 505 | _aContenido: t.1: La vida del hombre -- La culturas y el hombre -- Grandes potencias y naciones rezagadas... | ||
| 650 |
_aHistoria del PerĂº. _9259 |
||
| 650 |
_aVida del hombre _940696 |
||
| 650 |
_aHistoria _9136 |
||
| 700 |
_aValencia, Raul (Ilustraciones ) _97198 |
||
| 942 |
_2ddc _cLIBROS |
||
| 945 | _awfj | ||